000 00546nam a2200193Ia 4500
005 20250508150423.0
008 008 250505s9999 xx 000 0 eng d
037 _aTextual
040 _aFEDL
_beng
_cFEDL
041 _aeng
_2eng
084 _a301, ODU
_qFEDL
100 _aOdum Howard W.
245 0 _aUnderstanding society: The principles of dynamic sociology
260 _aNew York, USA
_bThe Macmillan Company
_c1947
300 _avi,749p
650 _aSociology
942 _cTEXL
_h301, ODU
999 _c1323549
_d1323549